[Event "Odorheiu Secuiesc Open"]
[Site "Odorheiu Secuiesc"]
[Date "1993.??.??"]
[Round "1"]
[White "Ciobanu, Aurelian"]
[Black "Milu, Romeo Sorin"]
[Result "1/2-1/2"]
[WhiteElo "2265"]
[BlackElo "2410"]
[PlyCount "41"]
[EventDate "1993.05.??"]
[Source "www.chesslib.no"]
[SourceDate "2004.05.04"]

1. e4 c5 2. Nf3 d6 3. d4 cxd4 4. Nxd4 Nf6 5. Nc3 g6 6. Be3 Bg7 7. Be2 Nc6 8. h4 h5 9. f3 O-O 10. Qd2 d5 11. Nxc6 bxc6 12. e5 Ne8 13. f4 f6 14. g4 Bxg4 15. Bxg4 hxg4 16. h5 fxe5 17. hxg6 Qd6 18. fxe5 Bxe5 19. O-O-O Rf3 20. Ne2 Qf6 21. Bd4 1/2-1/2

[Event "It (open)"]
[Site "Oberwart (Austria)"]
[Date "2007.07.07"]
[Round "1"]
[White "Brkic Ante (CRO)"]
[Black "Klocker Benedikt (AUT)"]
[Result "1-0"]
[WhiteElo "2558"]
[BlackElo "2106"]
[PlyCount "55"]
[EventDate "2007.??.??"]
[Source "www.chesslib.no"]
[SourceDate "2004.05.04"]

1. e4 c5 2. Nf3 d6 3. d4 cxd4 4. Nxd4 Nf6 5. Nc3 g6 6. Be3 Bg7 7. Be2 O-O 8. Qd2 Nc6 9. O-O-O Bd7 10. h4 h5 11. f3 Rc8 12. Kb1 a6 13. Nb3 Ne5 14. Bg5 Be6 15. g4 hxg4 16. f4 Nf3 17. Bxf3 gxf3 18. h5 Nxh5 19. f5 Bxb3 20. axb3 Rxc3 21. Rxh5 gxh5 22. bxc3 Qa5 23. Bxe7 Qxc3 24. Qxc3 Bxc3 25. Rg1+ Bg7 26. Bf6 Re8 27. Rxg7+ Kf8 28. Rh7 1-0

[Event "Turku We TSY"]
[Site "Turku"]
[Date "1997.??.??"]
[Round "3"]
[White "Holmsten, Aleksei"]
[Black "Salmensuu, Olli"]
[Result "0-1"]
[WhiteElo "2325"]
[BlackElo "2330"]
[PlyCount "80"]
[EventDate "1997.??.??"]
[Source "www.chesslib.no"]
[SourceDate "2004.05.04"]

1. e4 c5 2. Nf3 d6 3. d4 cxd4 4. Nxd4 Nf6 5. Nc3 g6 6. Be3 Bg7 7. Be2 O-O 8. O-O a6 9. Qd2 b5 10. Bh6 Bb7 11. Bxg7 Kxg7 12. Bf3 e5 13. Nde2 Qc7 14. Ng3 h6 15. Rad1 Rd8 16. Be2 Nc6 17. f4 Nd4 18. Bd3 Rac8 19. Kh1 Qe7 20. Nce2 Nxe2 21. Qxe2 Rc5 22. Rf2 Bc8 23. f5 g5 24. Rdf1 Bb7 25. Nh5+ Nxh5 26. Qxh5 Qf6 27. Qf3 Rdc8 28. c3 d5 29. Re1 Rd8 30. exd5 Bxd5 31. Be4 Bxe4 32. Qxe4 Rc4 33. Qc2 Rf4 34. Rxf4 exf4 35. b3 Rd5 36. c4 bxc4 37. bxc4 Rxf5 38. c5 f3 39. c6 Re5 40. Rf1 Re2 0-1

[Event "Vejle op"]
[Site "Vejle"]
[Date "1974.??.??"]
[Round "5"]
[White "Poulsen, Allan"]
[Black "Moe, Mogens"]
[Result "0-1"]
[WhiteElo "2280"]
[BlackElo "2375"]
[PlyCount "60"]
[EventDate "1974.??.??"]
[Source "ChessBase"]

1. e4 c5 2. Nf3 d6 3. d4 cxd4 4. Nxd4 Nf6 5. Nc3 g6 6. Be3 Bg7 7. Be2 Nc6 8. Nb3 O-O 9. f4 Na5 10. g4 b6 11. O-O Bb7 12. Nxa5 bxa5 13. Bf3 Rc8 14. Qd2 Rxc3 15. bxc3 Nxe4 16. Qd3 f5 17. gxf5 gxf5 18. Bd4 e5 19. Bxa7 Kh8 20. Rab1 Qe7 21. Bxe4 Bxe4 22. Qe3 exf4 23. Rxf4 Be5 24. Bd4 Qg7+ 25. Kf1 Qg2+ 26. Ke1 Re8 27. Rf2 Qh1+ 28. Rf1 Qxh2 29. Rg1 Bxc2 30. Rb7 Qxg1+ 0-1

[Event "Berlin tt"]
[Site "Berlin West"]
[Date "1980.??.??"]
[Round "?"]
[White "Sande, Oystein"]
[Black "Lieb, Harald"]
[Result "0-1"]
[WhiteElo "2340"]
[BlackElo "2310"]
[PlyCount "79"]
[EventDate "1980.03.??"]
[Source "ChessBase"]

1. e4 c5 2. Nf3 d6 3. d4 cxd4 4. Nxd4 Nf6 5. Nc3 g6 6. Be3 Bg7 7. Be2 Nc6 8. Qd2 O-O 9. O-O-O Nxd4 10. Bxd4 Be6 11. Kb1 Qc7 12. f3 Rfc8 13. g4 b5 14. g5 Nh5 15. Bxg7 Nxg7 16. Rc1 Qa5 17. Rcd1 Rxc3 18. Qxc3 b4 19. Qe3 Qxa2+ 20. Kc1 Rc8 21. Kd2 Qxb2 22. Bd3 b3 23. Ke2 Bc4 24. Bxc4 Qxc2+ 25. Rd2 Qxc4+ 26. Qd3 a5 27. Ra1 Qb4 28. Qa6 Qb8 29. Qxa5 Ne6 30. Rb1 d5 31. Kd1 dxe4 32. Rc1 Rf8 33. fxe4 Qf4 34. Qb5 Qg4+ 35. Qe2 Qxg5 36. Rd5 Qg1+ 37. Kd2 Qa7 38. Qc4 Qf2+ 39. Qe2 Qxe2+ 40. Kxe2 0-1

[Event "HUN-chop"]
[Site "Gyor"]
[Date "1990.??.??"]
[Round "9"]
[White "Galanov, Boris"]
[Black "Borge, Nikolai"]
[Result "1-0"]
[WhiteElo "2285"]
[BlackElo "2340"]
[PlyCount "53"]
[EventDate "1990.09.??"]
[Source "www.chesslib.no"]
[SourceDate "2004.05.04"]

1. e4 c5 2. Nf3 d6 3. d4 cxd4 4. Nxd4 Nf6 5. Nc3 g6 6. Be3 Bg7 7. Be2 Nc6 8. Nb3 O-O 9. f4 Be6 10. g4 Na5 11. g5 Nd7 12. Bd4 f6 13. gxf6 Nxf6 14. h4 Nc4 15. Bxc4 Bxc4 16. Qd2 b5 17. O-O-O a5 18. Bxf6 Rxf6 19. Nd5 Rf7 20. Nd4 Bh6 21. Ne6 Qc8 22. Ng5 Bxg5 23. hxg5 Qc5 24. f5 Rc8 25. fxg6 hxg6 26. Qh2 Rg7 27. Nxe7+ 1-0

[Event "NZL Ch"]
[Site "Wellington NZL"]
[Date "1995.??.??"]
[Round "3"]
[White "Sarfati, Jonathan D"]
[Black "Love, Anthony J"]
[Result "0-1"]
[WhiteElo "2315"]
[BlackElo "2305"]
[PlyCount "50"]
[EventDate "1995.??.??"]
[Source "www.chesslib.no"]
[SourceDate "2004.05.04"]

1. e4 c5 2. Nf3 d6 3. d4 cxd4 4. Nxd4 Nf6 5. Nc3 g6 6. Be3 Bg7 7. Be2 Nc6 8. Qd2 O-O 9. f4 Nxd4 10. Bxd4 Be6 11. O-O Qa5 12. Rad1 Rfc8 13. Kh1 Bc4 14. a3 Nxe4 15. Qe3 Nxc3 16. Bxc3 Bxc3 17. bxc3 Bxe2 18. Qxe2 e6 19. Rxd6 Qxc3 20. Rfd1 Qf6 21. Rd7 Rd8 22. Rxb7 Rxd1+ 23. Qxd1 Rd8 24. Qb1 Qxf4 25. Rxa7 Qg4 0-1

[Event "Gyongyos Open"]
[Site "Gyongyos"]
[Date "1995.??.??"]
[Round "?"]
[White "Lazar, Ales Jr"]
[Black "Galanov, Boris"]
[Result "0-1"]
[WhiteElo "2205"]
[BlackElo "2415"]
[PlyCount "102"]
[EventDate "1995.??.??"]
[Source "www.chesslib.no"]
[SourceDate "2004.05.04"]

1. e4 c5 2. Nf3 d6 3. d4 cxd4 4. Nxd4 Nf6 5. Nc3 g6 6. Be3 Bg7 7. Be2 Nc6 8. Qd2 O-O 9. O-O-O Bd7 10. f3 Rc8 11. h4 h5 12. Kb1 Ne5 13. Bh6 Nc4 14. Bxc4 Rxc4 15. Bxg7 Kxg7 16. Nb3 b5 17. e5 dxe5 18. Nd5 Bf5 19. Nxf6 Qxd2 20. Nxh5+ gxh5 21. Rxd2 Rfc8 22. Na1 Kf6 23. Re2 a5 24. Rhe1 R8c5 25. g3 a4 26. a3 Rd4 27. Kc1 Rd8 28. c3 Rg8 29. Rg1 Rc4 30. Rh2 e4 31. fxe4 Rxe4 32. Nc2 e5 33. Rf2 Ke6 34. Rgf1 Bg6 35. Rf6+ Ke7 36. Nb4 Re1+ 37. Rxe1 Kxf6 38. Nd5+ Ke6 39. Nc7+ Kf6 40. Nxb5 Bd3 41. Nd6 Rxg3 42. Kd2 Ke6 43. Ne4 Bxe4 44. Rxe4 Rg2+ 45. Ke3 f5 46. Rxa4 f4+ 47. Kd3 Rxb2 48. Rb4 Ra2 49. a4 Kf5 50. Re4 f3 51. Re3 e4+ 0-1

[Event "Rilton Cup"]
[Site "Stockholm"]
[Date "1988.??.??"]
[Round "?"]
[White "Astrom, Goran"]
[Black "Sehner, Norbert"]
[Result "1/2-1/2"]
[WhiteElo "2200"]
[BlackElo "2415"]
[PlyCount "75"]
[EventDate "1988.??.??"]
[Source "ChessBase"]

1. e4 c5 2. Nf3 d6 3. d4 cxd4 4. Nxd4 Nf6 5. Nc3 g6 6. Be3 Bg7 7. Be2 a6 8. Qd2 Nbd7 9. Bh6 Bxh6 10. Qxh6 b5 11. O-O-O Bb7 12. Bf3 Ne5 13. Rhe1 e6 14. a3 Rc8 15. Be2 Rxc3 16. bxc3 Nxe4 17. Bf3 Nxf3 18. gxf3 Qg5+ 19. Qxg5 Nxg5 20. h4 Nh3 21. Nxe6 fxe6 22. Rxe6+ Kf7 23. Rexd6 Re8 24. Rd7+ Re7 25. R1d6 Nxf2 26. Kd2 Nh1 27. Rxe7+ Kxe7 28. Rb6 Bc8 29. Rc6 Kd8 30. Rd6+ Ke8 31. Rc6 Bb7 32. Rc7 Bxf3 33. Rxh7 Ng3 34. Ra7 Bc6 35. Rg7 Be4 36. Ra7 Bc6 37. Rg7 Be4 38. Ra7 1/2-1/2

[Event "Chicago"]
[Site "Chicago"]
[Date "1973.??.??"]
[Round "3"]
[White "Karklins, Andrew"]
[Black "Tarjan, James Edward"]
[Result "0-1"]
[WhiteElo "2200"]
[BlackElo "2415"]
[PlyCount "116"]
[EventDate "1973.??.??"]
[Source "ChessBase"]

1. e4 c5 2. Nf3 d6 3. d4 cxd4 4. Nxd4 Nf6 5. Nc3 g6 6. Be3 Bg7 7. Be2 O-O 8. Nb3 Nc6 9. f4 Be6 10. g4 Na5 11. f5 Bc4 12. Bd3 Nxb3 13. axb3 Bxd3 14. cxd3 d5 15. g5 d4 16. gxf6 Bxf6 17. Bd2 dxc3 18. Bxc3 Qb6 19. Rf1 Bxc3+ 20. bxc3 Rac8 21. Kd2 gxf5 22. Ra4 Qh6+ 23. Kc2 b5 24. Ra2 fxe4 25. Qg4+ Qg6 26. Qxe4 b4 27. c4 Qg7 28. d4 Rcd8 29. Kd3 f5 30. Qe6+ Kh8 31. Rf4 Rd6 32. Qe1 e5 33. Rh4 e4+ 34. Ke2 Qxd4 35. Qa1 Qxa1 36. Rxa1 Rd7 37. Rf4 Kg7 38. Rg1+ Kf6 39. Rxf5+ Kxf5 40. Rf1+ Ke5 41. Rxf8 Rd3 42. Rf7 Rh3 43. Rxa7 Rxh2+ 44. Kd1 Kd4 45. Rd7+ Kc3 46. Re7 Kxb3 47. Rxe4 Rc2 48. Rh4 Rxc4 49. Rxh7 Ka3 50. Kd2 b3 51. Rh8 b2 52. Ra8+ Kb3 53. Rb8+ Ka2 54. Ra8+ Kb1 55. Rb8 Ra4 56. Kc3 Ra3+ 57. Kd2 Ka1 58. Kc2 Ra7 0-1

[Event "Budapest FS02 IM-A"]
[Site "Budapest"]
[Date "1995.??.??"]
[Round "5"]
[White "Dobos, Jozsef"]
[Black "Sapi, Laszlo"]
[Result "1/2-1/2"]
[WhiteElo "2325"]
[BlackElo "2285"]
[PlyCount "31"]
[EventDate "1995.02.??"]
[Source "ChessBase"]

1. e4 c5 2. Nf3 d6 3. d4 cxd4 4. Nxd4 Nf6 5. Nc3 g6 6. Be3 Bg7 7. Be2 Nc6 8. Nb3 O-O 9. f4 Be6 10. g4 Qc8 11. g5 Nd7 12. Qd2 f5 13. O-O-O fxe4 14. Nxe4 Nb6 15. Kb1 Nd5 16. h4 1/2-1/2

[Event "Gausdal Int"]
[Site "Gausdal"]
[Date "1983.??.??"]
[Round "?"]
[White "Bator, Robert"]
[Black "Lind, Jan Olov"]
[Result "1-0"]
[WhiteElo "2305"]
[BlackElo "2300"]
[PlyCount "53"]
[EventDate "1983.08.??"]
[Source "ChessBase"]

1. e4 c5 2. Nf3 d6 3. d4 cxd4 4. Nxd4 Nf6 5. Nc3 g6 6. Be3 Bg7 7. Be2 Nc6 8. h4 h5 9. f3 O-O 10. Qd2 d5 11. Nxc6 bxc6 12. e5 Nd7 13. f4 Nb6 14. O-O-O Bf5 15. g4 Bxg4 16. Bxb6 Qxb6 17. Bxg4 hxg4 18. h5 gxh5 19. Rxh5 f5 20. Rdh1 Rab8 21. Nd1 e6 22. Qh2 Kf7 23. Rh7 Rg8 24. Qh5+ Kf8 25. Qg6 Rb7 26. Qxe6 Rf7 27. Qc8+ 1-0

[Event "Torrelavega op"]
[Site "?"]
[Date "1983.??.??"]
[Round "8"]
[White "Illescas"]
[Black "Martin, A."]
[Result "1-0"]
[WhiteElo "2200"]
[BlackElo "2395"]
[PlyCount "71"]
[EventDate "1983.??.??"]
[Source "www.chesslib.no"]
[SourceDate "2004.05.04"]

1. e4 c5 2. Nf3 d6 3. d4 cxd4 4. Nxd4 Nf6 5. Nc3 g6 6. Be3 Bg7 7. Be2 Nc6 8. h4 h5 9. Qd2 Ng4 10. Bxg4 Bxg4 11. f3 Bd7 12. O-O-O Ne5 13. b3 Rc8 14. Kb1 O-O 15. Nce2 Re8 16. Bh6 Bh8 17. g4 hxg4 18. h5 gxf3 19. Nf4 Qb6 20. Nd5 Nc4 21. Qc1 Qc5 22. bxc4 Bxd4 23. hxg6 f5 24. Qg5 Be5 25. Bg7 Bxg7 26. Rh7 Qxc4 27. Rxg7+ Kxg7 28. Rh1 Qxc2+ 29. Ka1 Qc1+ 30. Rxc1 Rxc1+ 31. Qxc1 fxe4 32. Qf4 Rf8 33. Qh4 Kxg6 34. Nxe7+ Kf7 35. Nd5 Ke6 36. Qxe4+ 1-0

[Event "Zaragoza op"]
[Site "?"]
[Date "1984.??.??"]
[Round "7"]
[White "Illescas"]
[Black "Martin, A."]
[Result "0-1"]
[WhiteElo "2200"]
[BlackElo "2385"]
[PlyCount "63"]
[EventDate "1984.??.??"]
[Source "www.chesslib.no"]
[SourceDate "2004.05.04"]

1. e4 c5 2. Nf3 d6 3. d4 cxd4 4. Nxd4 Nf6 5. Nc3 g6 6. Be3 Bg7 7. Be2 Nc6 8. h4 h5 9. Qd2 Ng4 10. Bxg4 Bxg4 11. f3 Bd7 12. Nxc6 bxc6 13. Bd4 Bh6 14. Qd3 O-O 15. g4 hxg4 16. h5 g5 17. O-O-O gxf3 18. Rhg1 g4+ 19. Be3 Bg7 20. h6 Be5 21. Bd4 Qa5 22. Kb1 Kh8 23. h7 Be6 24. Rh1 Bxd4 25. Qxd4+ Qe5 26. Qd2 Rab8 27. Rde1 Rb4 28. a3 Qd4 29. Qc1 Rb6 30. Re3 Rfb8 31. Nd1 a5 32. Rh5 0-1

[Event "Budapest FS06 IM"]
[Site "Budapest"]
[Date "1997.??.??"]
[Round "7"]
[White "Erdei, Andras"]
[Black "Kahn, Evarth"]
[Result "1/2-1/2"]
[WhiteElo "2210"]
[BlackElo "2370"]
[PlyCount "82"]
[EventDate "1997.06.??"]
[Source "ChessBase"]
[SourceDate "1997.07.29"]

1. e4 c5 2. Nf3 d6 3. d4 cxd4 4. Nxd4 Nf6 5. Nc3 g6 6. Be3 Bg7 7. Be2 O-O 8. O-O a6 9. a4 b6 10. f4 Qc7 11. e5 dxe5 12. fxe5 Qxe5 13. Bf4 Qc5 14. Bf3 Bg4 15. Be3 Bxf3 16. Qxf3 Qe5 17. Rfe1 Ra7 18. Ndb5 Rd7 19. Bxb6 Qh5 20. Na3 Qxf3 21. gxf3 Rb7 22. a5 Nfd7 23. Rxe7 Nc6 24. Re4 Nxb6 25. axb6 Rxb6 26. Nc4 Rxb2 27. Nxb2 Bxc3 28. Rxa6 Nb4 29. Ra3 Bxb2 30. Rb3 Nxc2 31. Rxb2 Rc8 32. Kf2 Kg7 33. Ke2 f5 34. Ra4 Re8+ 35. Kf2 Ne3 36. Re2 Nd1+ 37. Kf1 Ne3+ 38. Kf2 Nd1+ 39. Kf1 Ne3+ 40. Kg1 Re7 41. Ra3 f4 1/2-1/2

[Event "Ch India (b)"]
[Site "Dindigul (India)"]
[Date "2007.06.17"]
[Round "9"]
[White "Praveen Prasad P (IND)"]
[Black "Swapnil S Dhopade (IND)"]
[Result "1-0"]
[WhiteElo "2232"]
[BlackElo "2336"]
[PlyCount "67"]
[EventDate "2007.??.??"]
[Source "www.chesslib.no"]
[SourceDate "2004.05.04"]

1. e4 c5 2. Nf3 d6 3. d4 cxd4 4. Nxd4 Nf6 5. Nc3 g6 6. Be3 Bg7 7. Be2 O-O 8. f4 Nc6 9. Nb3 Be6 10. g4 Na5 11. g5 Nd7 12. Bd4 f6 13. h4 Nxb3 14. axb3 fxg5 15. Bxg7 Kxg7 16. Qd4+ Kg8 17. Bc4 Bxc4 18. Qxc4+ Kg7 19. Qd4+ Kg8 20. h5 gxf4 21. hxg6 Ne5 22. gxh7+ Kh8 23. O-O-O f3 24. Rdg1 e6 25. Qf2 Qf6 26. Kb1 a6 27. Qg3 Ng6 28. Qxg6 Qxg6 29. Rxg6 f2 30. Rf1 Kxh7 31. Rxe6 Rf7 32. Nd1 Raf8 33. Rxd6 Kg7 34. Rd2 1-0

[Event "Netanya-B"]
[Site "Netanya"]
[Date "1973.??.??"]
[Round "6"]
[White "Levy, David Neil Lawrence"]
[Black "Glusman, K."]
[Result "1-0"]
[WhiteElo "2350"]
[BlackElo "2200"]
[PlyCount "83"]
[EventDate "1973.??.??"]
[Source "ChessBase"]

1. e4 c5 2. Nf3 d6 3. d4 cxd4 4. Nxd4 Nf6 5. Nc3 g6 6. Be3 Bg7 7. Be2 O-O 8. h4 h5 9. f3 Nc6 10. Qd2 d5 11. Nxc6 bxc6 12. e5 Ne8 13. f4 f5 14. Na4 Nc7 15. O-O-O e6 16. Bc5 Rf7 17. Qa5 Qe8 18. Rh3 Bh6 19. Rf3 Bf8 20. g3 Bxc5 21. Nxc5 Rb8 22. a4 Na8 23. Rd4 Qe7 24. Rb3 Rxb3 25. Nxb3 Qc7 26. Qxc7 Rxc7 27. Nc5 Kf7 28. a5 Re7 29. Rb4 Re8 30. Rb8 Nc7 31. Nb7 Bxb7 32. Rxb7 Rc8 33. Rxa7 Ke8 34. Ba6 Nxa6 35. Rxa6 Kd7 36. Ra7+ Rc7 37. Ra8 Rc8 38. Rxc8 Kxc8 39. Kd2 Kb7 40. b4 Ka6 41. Kd3 Kb5 42. Kd4 1-0

[Event "Dortmund op-A"]
[Site "Dortmund GER"]
[Date "1992.??.??"]
[Round "4"]
[White "Hoehn, Jan"]
[Black "Becker, Michael"]
[Result "1-0"]
[WhiteElo "2235"]
[BlackElo "2310"]
[PlyCount "69"]
[EventDate "1992.04.??"]
[Source "www.chesslib.no"]
[SourceDate "2004.05.04"]

1. e4 c5 2. Nf3 d6 3. d4 cxd4 4. Nxd4 Nf6 5. Nc3 g6 6. Be3 Bg7 7. Be2 O-O 8. h4 h5 9. f3 Nc6 10. Qd2 d5 11. Nxc6 bxc6 12. e5 Nd7 13. f4 Qa5 14. g4 hxg4 15. h5 Rd8 16. e6 Nf8 17. exf7+ Kxf7 18. Bd4 c5 19. Bxg7 Kxg7 20. Qe3 Kf7 21. hxg6+ Nxg6 22. f5 Bxf5 23. Qg5 Bxc2 24. Rh7+ Ke6 25. Bxg4+ Kd6 26. Qd2 Qb4 27. Bf3 e6 28. Bxd5 Nf4 29. Bxa8+ Nd3+ 30. Ke2 Rf8 31. Ne4+ Ke5 32. Rh5+ Rf5 33. Qxb4 cxb4 34. Rxf5+ exf5 35. Kd2 1-0

[Event "It (cat.3)"]
[Site "Givataim (Israel)"]
[Date "2007.04.13"]
[Round "7"]
[White "Popilski Gil (ISR)"]
[Black "Porat Ido (ISR)"]
[Result "0-1"]
[WhiteElo "2193"]
[BlackElo "2348"]
[PlyCount "42"]
[EventDate "2007.??.??"]
[Source "www.chesslib.no"]
[SourceDate "2004.05.04"]

1. e4 c5 2. Nf3 d6 3. d4 cxd4 4. Nxd4 Nf6 5. Nc3 g6 6. Be3 Bg7 7. Be2 Nc6 8. Nb3 Be6 9. f4 O-O 10. g4 a5 11. f5 Bc8 12. a4 d5 13. exd5 Nb4 14. d6 exd6 15. Nd4 Re8 16. Bg5 Qb6 17. Ncb5 Nxg4 18. c3 Nc6 19. fxg6 hxg6 20. Nxd6 Nxd4 21. Nxe8 Nf3+ 0-1

[Event "HUN-chT2"]
[Site "HUN"]
[Date "1993.??.??"]
[Round "?"]
[White "Molnar, Laszlo 1"]
[Black "Horvath, Andras"]
[Result "0-1"]
[WhiteElo "2240"]
[BlackElo "2300"]
[PlyCount "96"]
[EventDate "1993.??.??"]
[Source "www.chesslib.no"]
[SourceDate "2004.05.04"]

1. e4 c5 2. Nf3 d6 3. d4 cxd4 4. Nxd4 Nf6 5. Nc3 g6 6. Be3 Bg7 7. Be2 O-O 8. g4 Nc6 9. g5 Nd7 10. Qd2 Nb6 11. f4 Na5 12. b3 Bd7 13. O-O Rc8 14. Rac1 Nc6 15. Bf3 Nxd4 16. Bxd4 Bxd4+ 17. Qxd4 e5 18. fxe5 Qxg5+ 19. Kh1 Qxe5 20. Qxe5 dxe5 21. Ne2 Be6 22. c4 Rfd8 23. Rfd1 Kf8 24. Nc3 Ke7 25. Nd5+ Nxd5 26. exd5 Bf5 27. Re1 Kd6 28. b4 b6 29. Re3 Rd7 30. Bd1 Rdc7 31. Bb3 Bg4 32. Kg2 f5 33. Kf2 e4 34. Rec3 f4 35. Ba4 e3+ 36. Ke1 Ke5 37. Bc6 Bf3 38. b5 Rf8 39. d6 Rxc6 40. bxc6 Bxc6 41. c5 b5 42. Ra3 Bg2 43. d7 Ke4 44. c6 Bh3 45. Rd1 f3 46. d8=Q f2+ 47. Ke2 Bg4+ 48. Kf1 e2+ 0-1

[Event "AUT-chT qual"]
[Site "Vienna"]
[Date "1997.??.??"]
[Round "3"]
[White "Schuh, Franz"]
[Black "Laube, Bernhard"]
[Result "0-1"]
[WhiteElo "2260"]
[BlackElo "2275"]
[PlyCount "128"]
[EventDate "1997.??.??"]
[Source "www.chesslib.no"]
[SourceDate "2004.05.04"]

1. e4 c5 2. Nf3 d6 3. d4 cxd4 4. Nxd4 Nf6 5. Nc3 g6 6. Be3 Bg7 7. Be2 O-O 8. Nb3 Nc6 9. f4 e6 10. Bf3 e5 11. O-O exf4 12. Bxf4 Ne5 13. Bxe5 dxe5 14. Qxd8 Rxd8 15. Rfd1 Bd7 16. Rd3 Rdc8 17. a4 Bf8 18. h3 h5 19. Kh2 Be6 20. Nd2 Bb4 21. Rc1 Bxc3 22. bxc3 b6 23. Rb1 Rc5 24. Nb3 Rc6 25. a5 Rac8 26. axb6 axb6 27. Nd2 Nd7 28. Rb4 Rxc3 29. Bd1 Kf8 30. Nf3 f6 31. Nh4 Kf7 32. Rd6 R8c6 33. Rxc6 Rxc6 34. Be2 Rxc2 35. Bb5 Nc5 36. Bc6 g5 37. Nf5 Bxf5 38. exf5 h4 39. Rxb6 e4 40. Bd5+ Kg7 41. Rc6 e3 42. Bf3 Kf7 43. Bh5+ Ke7 44. Rc8 Kd6 45. Re8 Rc3 46. Bf3 Kd7 47. Bh5 Nb3 48. Re6 Nd4 49. Re4 Rd3 50. Bg4 Kd6 51. Kg1 Kd5 52. Re8 Ra3 53. Kh2 Kc4 54. Rc8+ Kd3 55. Rd8 Ke4 56. Rd6 e2 57. Bxe2 Nxe2 58. Re6+ Kd3 59. Rxf6 Ng3 60. Rd6+ Ke2 61. Re6+ Kf2 62. Rb6 Nf1+ 63. Kh1 Ra1 64. Rb2+ Kg3 0-1

[Event "Catalunya t-ch"]
[Site "?"]
[Date "1985.??.??"]
[Round "6"]
[White "Illescas"]
[Black "Lecha"]
[Result "1-0"]
[WhiteElo "2330"]
[BlackElo "2200"]
[PlyCount "69"]
[EventDate "1985.??.??"]
[Source "www.chesslib.no"]
[SourceDate "2004.05.04"]

1. e4 c5 2. Nf3 d6 3. d4 cxd4 4. Nxd4 Nf6 5. Nc3 g6 6. Be3 Bg7 7. Be2 Nc6 8. h4 h5 9. Qd2 Ne5 10. f3 O-O 11. O-O-O Bd7 12. Bh6 Rc8 13. g4 hxg4 14. h5 gxf3 15. Bxg7 Kxg7 16. hxg6 fxg6 17. Nxf3 Nxf3 18. Bxf3 Qa5 19. e5 dxe5 20. Qh6+ Kf7 21. Bd5+ Be6 22. Rhf1 Rh8 23. Bxe6+ Kxe6 24. Qxg6 Rhd8 25. Qf5+ Kf7 26. Qh7+ Ke6 27. Qh3+ Kf7 28. Rxf6+ exf6 29. Rd7+ Rxd7 30. Qxd7+ Kg6 31. Qg4+ Kf7 32. Qxc8 Qb6 33. Qd7+ Kg6 34. b3 f5 35. Qe8+ 1-0

[Event "Memorial Grigorov (open)"]
[Site "Sofia (Bulgaria)"]
[Date "2008.01.09"]
[Round "4"]
[White "Stavrev Nikolai (BUL)"]
[Black "Videnova Iva (BUL)"]
[Result "1-0"]
[WhiteElo "2337"]
[BlackElo "2188"]
[PlyCount "65"]
[EventDate "2008.??.??"]
[Source "www.chesslib.no"]
[SourceDate "2004.05.04"]

1. e4 c5 2. Nf3 d6 3. d4 cxd4 4. Nxd4 Nf6 5. Nc3 g6 6. Be3 Bg7 7. Be2 O-O 8. f4 Nc6 9. Qd3 d5 10. e5 Ne8 11. O-O f6 12. Bf3 Nc7 13. exf6 Bxf6 14. Ncb5 Ne6 15. Nxe6 Bxe6 16. Rad1 a6 17. Nd4 Bf7 18. c3 e5 19. fxe5 Nxe5 20. Qc2 Bg7 21. Nb3 Nc4 22. Bc5 Re8 23. Qf2 b6 24. Bd4 Bh6 25. Rde1 Qc7 26. Qh4 Qf4 27. Bxd5 Qxh4 28. Bxf7+ Kf8 29. Bxe8+ Bf4 30. g3 Qe7 31. Rxf4+ Kxe8 32. Rxe7+ Kxe7 33. Bf6+ 1-0

[Event "Budapest FS10 IM-B"]
[Site "Budapest"]
[Date "2000.10.07"]
[Round "1"]
[White "Koster, Willem S"]
[Black "Rajlich, Vasik G"]
[Result "1/2-1/2"]
[WhiteElo "2308"]
[BlackElo "2209"]
[PlyCount "78"]
[EventDate "2000.10.07"]
[Source "ChessBase"]
[SourceDate "2000.11.10"]

1. e4 c5 2. Nf3 d6 3. d4 cxd4 4. Nxd4 Nf6 5. Nc3 g6 6. Be3 Bg7 7. Be2 O-O 8. O-O a6 9. a4 b6 10. Bf3 Qc7 11. e5 dxe5 12. Ndb5 axb5 13. Nxb5 Qc4 14. Bxa8 Bf5 15. Nc3 Na6 16. Bd5 Qb4 17. Qc1 Nc7 18. Bb3 Be6 19. Ra3 Nd7 20. Rd1 Nc5 21. Bxe6 fxe6 22. Bxc5 bxc5 23. a5 e4 24. Ra4 Qb7 25. Nxe4 Bxb2 26. Nxc5 Qb5 27. c4 Qxa4 28. Nxa4 Bxc1 29. Rxc1 Ra8 30. Nc3 Rxa5 31. Ne4 Kf7 32. h4 h6 33. f3 e5 34. Rb1 Ne6 35. Rb5 Ra4 36. c5 Ra1+ 37. Kf2 Ra2+ 38. Kf1 Ra1+ 39. Kf2 Ra2+ 1/2-1/2

[Event "V Open"]
[Site "Vandoeuvre les Nancy FRA"]
[Date "2008.12.29"]
[Round "8"]
[White "Genzling, A."]
[Black "Iglesias, Joa"]
[Result "1/2-1/2"]
[WhiteElo "2335"]
[BlackElo "2178"]
[PlyCount "26"]
[EventDate "2008.12.26"]
[Source "www.chesslib.no"]
[SourceDate "2004.05.04"]

1. e4 c5 2. Nf3 d6 3. d4 cxd4 4. Nxd4 Nf6 5. Nc3 g6 6. Be3 Bg7 7. Be2 O-O 8. Nb3 Nc6 9. f4 Be6 10. g4 Rc8 11. f5 Bxb3 12. axb3 Nb4 13. Bf3 d5 1/2-1/2

[Event "USA-ch (Women)"]
[Site "Salt Lake City"]
[Date "1999.08.30"]
[Round "8"]
[White "Marinello, Beatriz M"]
[Black "Shahade, Jennifer"]
[Result "1/2-1/2"]
[WhiteElo "2221"]
[BlackElo "2290"]
[PlyCount "170"]
[EventDate "1999.08.05"]
[Source "ChessBase"]
[SourceDate "2000.01.11"]

1. e4 c5 2. Nf3 d6 3. d4 cxd4 4. Nxd4 Nf6 5. Nc3 g6 6. Be3 Bg7 7. Be2 O-O 8. Qd2 Nc6 9. O-O-O Nxd4 10. Bxd4 Qa5 11. h4 Be6 12. Qg5 b5 13. Qxb5 Qc7 14. e5 Rab8 15. exd6 exd6 16. Qa4 Qb7 17. b3 a5 18. Bf3 Qc7 19. Qc6 Qe7 20. Rhe1 Rfc8 21. Qa6 d5 22. Kb1 Ra8 23. Qb5 Qc7 24. Be5 Ne4 25. Bxg7 Qxc3 26. Bxe4 Kxg7 27. Re3 Qc7 28. Bd3 Rab8 29. Qa4 Rb4 30. Qa3 d4 31. Qb2 Kg8 32. Re4 Qc5 33. a3 Rb6 34. Rxd4 Rcb8 35. Bc4 Qe7 36. Bxe6 Rxe6 37. g3 Re1 38. a4 Rc8 39. Qc1 Re2 40. R4d2 Re4 41. Rd7 Qf6 42. Qb2 Qxf2 43. Rd8+ Re8 44. Rxe8+ Rxe8 45. Qc3 Qf5 46. Qd3 Qe5 47. Qb5 Qe3 48. Qd7 h5 49. Qc7 Qf3 50. Rd8 Rxd8 51. Qxd8+ Kh7 52. Qd6 Qc3 53. Qd3 Qe1+ 54. Kb2 Qf2 55. Qc3 Qg1 56. Qe5 Qg2 57. Qf4 Qb7 58. c4 Qe7 59. Qf2 Qe5+ 60. Ka2 f6 61. c5 Qd5 62. Qc2 Qc6 63. Qc3 Qc7 64. c6 Kg7 65. Qc5 Kf7 66. Qd5+ Ke7 67. Qe4+ Qe5 68. Qxg6 Kd6 69. Qd3+ Kxc6 70. Qa6+ Kc7 71. Qd3 Kc6 72. Kb1 Kb6 73. Qd8+ Kc6 74. Qd3 Kb6 75. Kc2 Qc5+ 76. Qc3 Qf2+ 77. Kb1 Qf1+ 78. Kb2 Qe2+ 79. Ka3 Qe7+ 80. b4 Qd6 81. Qe3+ Ka6 82. Qe2+ Ka7 83. Qe3+ Ka6 84. Qb3 axb4+ 85. Qxb4 Qxg3+ 1/2-1/2

[Event "Heves Rainbow op"]
[Site "?"]
[Date "1997.??.??"]
[Round "3"]
[White "Papp Laszlo"]
[Black "Szieberth Adam"]
[Result "1/2-1/2"]
[WhiteElo "2210"]
[BlackElo "2300"]
[PlyCount "119"]
[EventDate "1997.??.??"]
[Source "www.chesslib.no"]
[SourceDate "2004.05.04"]

1. e4 c5 2. Nf3 d6 3. d4 cxd4 4. Nxd4 Nf6 5. Nc3 g6 6. Be3 Bg7 7. Be2 O-O 8. g4 d5 9. exd5 Nxd5 10. Nxd5 Qxd5 11. Bf3 Qa5+ 12. c3 Nc6 13. Nxc6 bxc6 14. O-O Ba6 15. Be2 Rad8 16. Qc2 Bxe2 17. Qxe2 f5 18. Bg5 fxg4 19. Bxe7 Rde8 20. Qc4+ Rf7 21. Rae1 Qf5 22. Bc5 Rxe1 23. Rxe1 h5 24. Re7 a6 25. Be3 Qd5 26. Re8+ Kh7 27. Qxd5 cxd5 28. Ra8 Rb7 29. Ra7 Rxa7 30. Bxa7 Kg8 31. Bb8 Kf7 32. Kf1 Ke6 33. Ke2 d4 34. c4 d3+ 35. Kxd3 Bxb2 36. Ke4 Ba3 37. Kd4 Bb4 38. Ke4 g5 39. Bc7 Bc5 40. Bd8 Bxf2 41. Bxg5 g3 42. hxg3 Bxg3 43. Be3 Bc7 44. Bf2 Bd8 45. Kf4 Kd6 46. Kf5 Kc6 47. Be3 Bb6 48. Bc1 Bf2 49. Ba3 Kb6 50. Bb4 Kc6 51. Kg5 h4 52. Kg4 Kd7 53. Ba5 Kd6 54. Bb4+ Ke5 55. Bc3+ Ke4 56. Bf6 Kd3 57. Kf3 Bg3 58. c5 Kc4 59. c6 Kd5 60. Bxh4 1/2-1/2